• 首页
  • 本馆介绍
  • 公告通知
  • 最新文献
  • 馆藏检索
  • 电子资源
  • 读者导购
  • 参考咨询
  • 我的图书馆
  • 登录
  • 详细信息显示
  • 放入我的书架
  • 预约/预借图书
  • 作者相关作品
  • 分类相关作品
  • 丛书相关作品
  • 出版社相关作品

书目信息

  • 表格格式
  • 工作单格式
  • 卡片格式
题名:
中华人民共和国对外经济贸易关系大事记
    
 
作者: 王和英 , 武心娟 , 舒五敏 , 许明月 编
分册:  
出版信息: 北京   对外贸易教育出版社  1987
页数: 574页
开本: 26cm
丛书名:
单 册:
中图分类: F752.7-61
科图分类:
主题词: 对外贸易--中外关系--词典
电子资源:
ISBN:
000 00804nam0 2200265 45
001 0187003042
005 20050404144418.9
010    @dCNY7.50
091    @a17321.02
100    @a19900808d1987 mk y0chiy0121 ea
101 0  @achi
102    @aCN@b110000
105    @ak z 000yy
200 10 @a中华人民共和国对外经济贸易关系大事记@Azhong hua ren min gong he guo dui wai jing ji mao yi guan xi da shi ji@e1949-1985@f王和英等编@FWang He Ying Deng Bian
210    @a北京@c对外贸易教育出版社@d1987
215    @a574页@d26cm
606 0  @a对外贸易@x中外关系@x词典
690    @aF752.7-61@v3
701  0 @a王和英@4编
701  0 @a武心娟@4编
701  0 @a舒五敏@4编
701  0 @a许明月@4编
801  0 @aCN@b深圳图书馆@c20050404
801  2 @aCN@bNLC@c20050404
905    @f1@b203178@dF752.7-61@e6(49-85)
    
    中华人民共和国对外经济贸易关系大事记:1949-1985/王和英等编.-北京:对外贸易教育出版社,1987
    574页;26cm
    
    
    ISBN :CNY7.50
    
●
相关链接 在E读中查询图书 在五车中查询图书 在当当中查询图书 在豆瓣中查询图书


正题名:中华人民共和国对外经济贸易关系大事记     索取号:F752.7-61/6(49-85)         预约/预借

序号 登录号 条形码 馆藏地/架位号 状态 备注
1 0203178   001997888   第一借阅区/ [索取号:F752.7-61/6(49-85)] 在馆    
2 0203179   1579697   第一样本阅览室/ [索取号:F752.7-61/6(49-85)] 在馆    
唐山师范学院图书馆 欢迎您!
大连网信软件有限公司© 版权所有